[Event "Nuremberg Zabo op 20th"]
[Site "Nuremberg"]
[Date "2018.09.15"]
[Round "3"]
[White "Forche, Peter"]
[Black "Schoene, Steffen"]
[Result "0-1"]
[WhiteElo "1284"]
[BlackElo "1636"]
[PlyCount "92"]
[EventDate "2018.09.15"]
[EventType "swiss"]
[EventRounds "5"]
[EventCountry "GER"]
[SourceTitle "EXT 2020"]
[Source "ChessBase"]
[SourceDate "2019.10.17"]
[SourceVersion "1"]
[SourceVersionDate "2019.10.17"]
[SourceQuality "1"]

1. d4 g6 2. Bf4 Bg7 3. e3 c5 4. c3 cxd4 5. exd4 Nf6 6. Nf3 0-0 7. Bd3 Nc6 8. Nbd2 d6 9. Bc2 e5 10. dxe5 dxe5 11. Bg3 Nh5 12. 0-0 Nxg3 13. hxg3 Bg4 14. Ne4 Qb6 15. Bb3 Rad8 16. Qc2 Na5 17. Rad1 Nxb3 18. Qxb3 Qxb3 19. axb3 a5 20. Rd6 f5 21. Rxd8 Rxd8 22. Nc5 e4 23. Ng5 b6 24. Nce6 Rd2 25. Nxg7 Kxg7 26. Ne6+ Kf6 27. Nd4 Rxb2 28. Ra1 Rd2 29. Re1 Rd1 30. Kf1 g5 31. f3 Rxe1+ 32. Kxe1 Bh5 33. Kf2 Bf7 34. Ke3 Bd5 35. c4 Bb7 36. Nb5 exf3 37. gxf3 h5 38. f4 Bc6 39. Nc3 g4 40. Ne2 a4 41. bxa4 Bxa4 42. Kd4 Ke6 43. Nc3 Bc6 44. Nb5 Bxb5 45. cxb5 Kd6 46. Kc4 h4 0-1

[Event "Mittelfranken-ch QT 67th"]
[Site "Nuremberg"]
[Date "2018.03.30"]
[Round "6"]
[White "Cordts, Elof"]
[Black "Schoene, Steffen"]
[Result "1/2-1/2"]
[WhiteElo "1662"]
[BlackElo "1860"]
[PlyCount "45"]
[EventDate "2018.03.28"]
[EventType "swiss"]
[EventRounds "7"]
[EventCountry "GER"]
[SourceTitle "EXT 2020"]
[Source "ChessBase"]
[SourceDate "2019.10.17"]
[SourceVersion "1"]
[SourceVersionDate "2019.10.17"]
[SourceQuality "1"]

1. e4 g6 2. Nf3 Bg7 3. Bc4 e6 4. Bb3 d5 5. exd5 exd5 6. 0-0 Ne7 7. d4 0-0 8. Re1 Re8 9. c3 Bg4 10. h3 Bxf3 11. Qxf3 c6 12. Bf4 Nf5 13. Nd2 Nd7 14. Bh2 Qg5 15. Nf1 Re7 16. Rxe7 Qxe7 17. Bc2 Nd6 18. Bxd6 Qxd6 19. Re1 Nf6 20. Nd2 Re8 21. Rxe8+ Nxe8 22. Qe2 Qe6 23. Kf1 1/2-1/2

[Event "Nuremberg Zabo op 19th"]
[Site "Nuremberg"]
[Date "2017.09.17"]
[Round "4"]
[White "Meifert, Dieter"]
[Black "Schoene, Steffen"]
[Result "0-1"]
[WhiteElo "1472"]
[BlackElo "1649"]
[PlyCount "50"]
[EventDate "2017.09.15"]
[EventType "swiss"]
[EventRounds "5"]
[EventCountry "GER"]
[SourceTitle "EXT 2022"]
[Source "ChessBase"]
[SourceDate "2021.10.06"]
[SourceVersion "1"]
[SourceVersionDate "2021.10.06"]
[SourceQuality "1"]

1. e4 d6 2. d4 Nf6 3. Nc3 g6 4. Bd3 Bg7 5. f3 0-0 6. Be3 e5 7. d5 Nbd7 8. Nge2 c6 9. dxc6 bxc6 10. Qd2 Nb6 11. h4 d5 12. exd5 cxd5 13. Bg5 Qd6 14. 0-0-0 Be6 15. Kb1 Rfc8 16. g4 d4 17. Ne4 Nxe4 18. Bxe4 Rab8 19. Bd3 Qd5 20. Nc1 a5 21. h5 Na4 22. Be4 Rxb2+ 23. Ka1 Rxa2+ 24. Kb1 Rb8+ 25. Nb3 Rxb3+ 0-1

[Event "Nuremberg Zabo op 19th"]
[Site "Nuremberg"]
[Date "2017.09.17"]
[Round "5"]
[White "Schoene, Steffen"]
[Black "Albayrak, Nese Pinar"]
[Result "1-0"]
[WhiteElo "1649"]
[BlackElo "1351"]
[PlyCount "61"]
[EventDate "2017.09.15"]
[EventType "swiss"]
[EventRounds "5"]
[EventCountry "GER"]
[SourceTitle "EXT 2022"]
[Source "ChessBase"]
[SourceDate "2021.10.06"]
[SourceVersion "1"]
[SourceVersionDate "2021.10.06"]
[SourceQuality "1"]

1. d4 d5 2. c4 c6 3. cxd5 cxd5 4. Nf3 Nf6 5. Nc3 Bf5 6. Qb3 Qd7 7. Ne5 Qc8 8. Nxd5 Nxd5 9. Qxd5 e6 10. Qb5+ Nd7 11. Bd2 a6 12. Qxd7+ Qxd7 13. Nxd7 Kxd7 14. Rc1 Be7 15. f3 f6 16. e4 Bg6 17. Bd3 Rhc8 18. Ke2 Ke8 19. Rxc8+ Rxc8 20. Rc1 Rd8 21. Ke3 e5 22. d5 Bf7 23. Ba5 Rd7 24. Rc8+ Bd8 25. a4 b6 26. Bxb6 Ke7 27. Bxd8+ Rxd8 28. Rxd8 Kxd8 29. Bxa6 Be8 30. Bb5 Bxb5 31. axb5 1-0

[Event "Mittelfranken-chT2b 1617"]
[Site "Mittelfranken"]
[Date "2017.02.12"]
[Round "6.7"]
[White "Arlt, Birgit"]
[Black "Schoene, Steffen"]
[Result "1/2-1/2"]
[WhiteElo "1611"]
[BlackElo "1666"]
[PlyCount "84"]
[EventDate "2016.10.23"]
[EventType "team-tourn"]
[EventRounds "9"]
[EventCountry "GER"]
[SourceTitle "EXT 2022"]
[Source "ChessBase"]
[SourceDate "2021.10.06"]
[SourceVersion "1"]
[SourceVersionDate "2021.10.06"]
[SourceQuality "1"]
[WhiteTeam "Schwanstetten"]
[BlackTeam "Nuernberg Zabo Eintracht II"]
[WhiteTeamCountry "GER"]
[BlackTeamCountry "GER"]

1. e4 d6 2. d4 Nf6 3. Nc3 g6 4. Bc4 Bg7 5. Nf3 Nxe4 6. Bxf7+ Kxf7 7. Nxe4 Rf8 8. 0-0 Kg8 9. h3 d5 10. Ng3 Nc6 11. c3 e5 12. dxe5 Nxe5 13. Nxe5 Bxe5 14. Bh6 Rf7 15. Qd3 c6 16. Rae1 Bd6 17. c4 Bd7 18. cxd5 cxd5 19. Qxd5 Bc6 20. Qd3 Qf6 21. Ne4 Bxe4 22. Rxe4 Rd8 23. Qe3 Re7 24. Rxe7 Bxe7 25. Qb3+ Kh8 26. Be3 b6 27. Qa4 Qxb2 28. Qxa7 Bc5 29. Bxc5 bxc5 30. Qxc5 Qxa2 31. f4 Qf7 32. Qf2 Rf8 33. g3 h5 34. g4 Ra8 35. f5 hxg4 36. hxg4 Ra2 37. Qh4+ Kg7 38. Qg3 Qa7+ 39. Rf2 Qxf2+ 40. Qxf2 Rxf2 41. Kxf2 gxf5 42. gxf5 Kf6 1/2-1/2

[Event "Mittelfranken-chT2b 1617"]
[Site "Mittelfranken"]
[Date "2016.11.27"]
[Round "3.7"]
[White "Schoene, Steffen"]
[Black "Wissmeier, Bernd"]
[Result "0-1"]
[WhiteElo "1666"]
[BlackElo "1814"]
[PlyCount "94"]
[EventDate "2016.10.23"]
[EventType "team-tourn"]
[EventRounds "9"]
[EventCountry "GER"]
[SourceTitle "EXT 2022"]
[Source "ChessBase"]
[SourceDate "2021.10.06"]
[SourceVersion "1"]
[SourceVersionDate "2021.10.06"]
[SourceQuality "1"]
[WhiteTeam "Nuernberg Zabo Eintracht II"]
[BlackTeam "Nuernberg SK 1911 II"]
[WhiteTeamCountry "GER"]
[BlackTeamCountry "GER"]

1. d4 Nf6 2. c4 e5 3. dxe5 Ng4 4. Nf3 Nc6 5. Bf4 Bb4+ 6. Nc3 Bxc3+ 7. bxc3 Qe7 8. Qd5 f6 9. exf6 Nxf6 10. Qd3 d6 11. Qe3 0-0 12. Qxe7 Nxe7 13. Bg5 Bg4 14. Nd4 Rae8 15. f3 Bd7 16. e4 Ng6 17. 0-0-0 a6 18. Be2 Nh5 19. g3 h6 20. Be3 Nf6 21. Rhe1 Ne5 22. Bg1 Ba4 23. Rd2 g5 24. Nf5 Kh7 25. f4 Nxe4 26. fxe5 Nxd2 27. Kxd2 dxe5 28. g4 Bc6 29. Bc5 Rf7 30. Ke3 h5 31. h3 Bg2 32. Rd1 h4 33. Bf1 Bc6 34. Be2 Kg6 35. Bd3 e4 36. Bc2 b6 37. Ba3 Re5 38. Rd4 Bb7 39. Rd2 Ra5 40. Bb4 Rxa2 41. Ne7+ Kf6 42. Rf2+ Ke6 43. Rxf7 Kxf7 44. c5 Rxc2 45. c6 Ba8 46. Kxe4 a5 47. Kf5 axb4 0-1

[Event "Mittelfranken Mitte-ch"]
[Site "Zirndorf"]
[Date "2015.01.06"]
[Round "6"]
[White "Schoene, Steffen"]
[Black "Drees, Martin"]
[Result "0-1"]
[WhiteElo "1748"]
[BlackElo "1752"]
[PlyCount "96"]
[EventDate "2015.01.02"]
[EventType "swiss"]
[EventRounds "7"]
[EventCountry "GE2"]
[SourceTitle "EXT 2018"]
[Source "ChessBase"]
[SourceDate "2017.10.13"]
[SourceVersion "1"]
[SourceVersionDate "2017.10.13"]
[SourceQuality "1"]

1. Nf3 Nc6 2. c4 Nf6 3. Nc3 e5 4. e3 d5 5. cxd5 Nxd5 6. Bc4 Be6 7. Nxd5 Bxd5 8. Qb3 Bxc4 9. Qxc4 Bd6 10. h4 h6 11. b3 Qe7 12. Bb2 Ba3 13. Bxa3 Qxa3 14. Qg4 Rg8 15. 0-0 Qe7 16. d4 exd4 17. exd4 Qd7 18. Rfe1+ Kd8 19. Qxd7+ Kxd7 20. d5 Nb4 21. Ne5+ Kd6 22. Nxf7+ Kxd5 23. Rad1+ Kc5 24. Re5+ Kb6 25. a4 a5 26. Rb5+ Ka6 27. Rd7 Rac8 28. Ne5 b6 29. Ng6 Rgd8 30. Rxg7 Rg8 31. Rxg8 Rxg8 32. Nf4 c5 33. Rxb4 axb4 34. f3 b5 35. Nd3 bxa4 36. Nxc5+ Kb5 37. Nxa4 Ra8 38. Nb2 Ra1+ 39. Kh2 Rb1 40. Nc4 Rxb3 41. Nd6+ Kc6 42. Nf5 Rc3 43. g4 b3 44. Nd4+ Kd5 45. Nxb3 Rxb3 46. Kg3 Ke5 47. g5 hxg5 48. h5 Kf5 0-1

[Event "Mittelfranken Mitte-ch"]
[Site "Zirndorf"]
[Date "2015.01.04"]
[Round "5"]
[White "Mantel, Hubert"]
[Black "Schoene, Steffen"]
[Result "0-1"]
[WhiteElo "1669"]
[BlackElo "1748"]
[PlyCount "80"]
[EventDate "2015.01.02"]
[EventType "swiss"]
[EventRounds "7"]
[EventCountry "GE2"]
[SourceTitle "EXT 2018"]
[Source "ChessBase"]
[SourceDate "2017.10.13"]
[SourceVersion "1"]
[SourceVersionDate "2017.10.13"]
[SourceQuality "1"]

1. e4 d6 2. Nf3 g6 3. d4 Nf6 4. Bd3 Bg7 5. h3 0-0 6. Be3 c6 7. Qd2 Re8 8. Nc3 Nbd7 9. Bh6 Bh8 10. g4 e5 11. 0-0-0 b5 12. dxe5 Nxe5 13. Nxe5 dxe5 14. Nxb5 cxb5 15. Bxb5 Qxd2+ 16. Rxd2 Be6 17. Bxe8 Rxe8 18. Rhd1 Bg7 19. g5 Bxh6 20. gxh6 Nxe4 21. Re2 f5 22. f3 Bc4 23. Re3 Nf6 24. Rd6 Kf7 25. Rc6 Bd5 26. Rc7+ Re7 27. Rxe7+ Kxe7 28. Rxe5+ Kd6 29. Re3 a6 30. Rd3 Ke5 31. a3 Kf4 32. c4 Bxf3 33. Rd6 Ne4 34. Rxg6 Bh5 35. Rxa6 Kg3 36. Ra5 Bg6 37. c5 f4 38. c6 f3 39. c7 f2 40. c8Q f1Q+ 0-1

[Event "Mittelfranken Mitte-ch"]
[Site "Zirndorf"]
[Date "2015.01.03"]
[Round "3"]
[White "Albayrak, Aylin"]
[Black "Schoene, Steffen"]
[Result "0-1"]
[WhiteElo "1499"]
[BlackElo "1748"]
[PlyCount "78"]
[EventDate "2015.01.02"]
[EventType "swiss"]
[EventRounds "7"]
[EventCountry "GE2"]
[SourceTitle "EXT 2018"]
[Source "ChessBase"]
[SourceDate "2017.10.13"]
[SourceVersion "1"]
[SourceVersionDate "2017.10.13"]
[SourceQuality "1"]

1. d4 Nf6 2. c4 g6 3. Nc3 Bg7 4. e4 d6 5. Nf3 0-0 6. Be2 Nbd7 7. 0-0 e5 8. d5 a5 9. h3 Nc5 10. Qc2 Ne8 11. Be3 f5 12. Bxc5 dxc5 13. Rab1 Nd6 14. Nd2 fxe4 15. Ncxe4 Bf5 16. Bd3 b6 17. Ng3 Bxd3 18. Qxd3 Qh4 19. b3 Rae8 20. Nde4 Rf4 21. Rbe1 Ref8 22. Nxd6 cxd6 23. Ne4 Qe7 24. Qg3 Bh6 25. f3 R4f5 26. Qg4 Kh8 27. g3 R8f7 28. f4 Qf8 29. Kg2 exf4 30. gxf4 Rxf4 31. Rxf4 Bxf4 32. Qe6 Be5 33. Re2 Rf1 34. Qg4 Bd4 35. Ng3 Rf2+ 36. Kh1 h5 37. Qe4 Be5 38. Qxg6 Qf3+ 39. Kg1 Qg2# 0-1

[Event "Mittelfranken Mitte-ch"]
[Site "Zirndorf"]
[Date "2015.01.03"]
[Round "2"]
[White "Schoene, Steffen"]
[Black "Strobel, Norbert"]
[Result "0-1"]
[WhiteElo "1748"]
[BlackElo "1948"]
[PlyCount "52"]
[EventDate "2015.01.02"]
[EventType "swiss"]
[EventRounds "7"]
[EventCountry "GE2"]
[SourceTitle "EXT 2018"]
[Source "ChessBase"]
[SourceDate "2017.10.13"]
[SourceVersion "1"]
[SourceVersionDate "2017.10.13"]
[SourceQuality "1"]

1. Nf3 Nf6 2. c4 g6 3. Nc3 Bg7 4. e4 d6 5. d4 0-0 6. Be2 Nbd7 7. h3 e5 8. dxe5 dxe5 9. Bg5 c6 10. b4 Qc7 11. 0-0 Re8 12. Nd2 Nf8 13. c5 Ne6 14. Be3 b6 15. Nc4 Rd8 16. Qc1 Nd4 17. cxb6 axb6 18. f4 Nxe2+ 19. Nxe2 Nd7 20. fxe5 Ba6 21. Rf2 Bxc4 22. Qxc4 Nxe5 23. Qb3 Rd3 24. Nc3 Rxe3 25. Qc2 Nc4 26. Rf3 Rxf3 0-1

[Event "Mittelfranken Mitte-ch"]
[Site "Zirndorf"]
[Date "2015.01.03"]
[Round "4"]
[White "Schoene, Steffen"]
[Black "Walch, Roger"]
[Result "0-1"]
[WhiteElo "1748"]
[BlackElo "1686"]
[PlyCount "74"]
[EventDate "2015.01.02"]
[EventType "swiss"]
[EventRounds "7"]
[EventCountry "GE2"]
[SourceTitle "EXT 2018"]
[Source "ChessBase"]
[SourceDate "2017.10.13"]
[SourceVersion "1"]
[SourceVersionDate "2017.10.13"]
[SourceQuality "1"]

1. Nf3 Nf6 2. c4 e6 3. Nc3 c5 4. b3 g6 5. Bb2 Bg7 6. Ne4 d6 7. Nxf6+ Bxf6 8. Qc2 Nc6 9. Rc1 0-0 10. g4 Rb8 11. h4 e5 12. g5 Bg7 13. e3 Qe7 14. d3 f5 15. Nd2 f4 16. Bg2 Nb4 17. Qb1 fxe3 18. fxe3 Bf5 19. Ne4 d5 20. Nf6+ Bxf6 21. gxf6 Qxf6 22. Rf1 Qxh4+ 23. Kd1 Bxd3 24. Bxd5+ Nxd5 25. Rxf8+ Rxf8 26. Qxd3 Qh1+ 27. Kc2 Nb4+ 28. Kc3 Qxc1+ 29. Bxc1 Nxd3 30. Kxd3 Kf7 31. Ke4 Ke6 32. Ba3 b6 33. b4 cxb4 34. Bxb4 Rc8 35. Kd3 h5 36. e4 h4 37. Bc3 h3 0-1

[Event "Mittelfranken-ch QT"]
[Site "Mittelfranken"]
[Date "2014.04.16"]
[Round "1.11"]
[White "Forche, Peter"]
[Black "Schoene, Steffen"]
[Result "0-1"]
[WhiteElo "1358"]
[BlackElo "1694"]
[PlyCount "78"]
[EventDate "2014.04.16"]
[EventType "swiss"]
[EventRounds "7"]
[EventCountry "GER"]
[SourceTitle "EXT 2022"]
[Source "ChessBase"]
[SourceDate "2021.10.06"]
[SourceVersion "1"]
[SourceVersionDate "2021.10.06"]
[SourceQuality "1"]

1. d4 Nf6 2. Nf3 g6 3. Bf4 Bg7 4. e3 d6 5. h3 0-0 6. c3 c5 7. Nbd2 Nc6 8. Be2 b6 9. 0-0 Bb7 10. a3 Qc7 11. b4 Nd5 12. Rc1 Nxf4 13. exf4 Bh6 14. b5 Nd8 15. g3 Qd7 16. Kh2 Ne6 17. dxc5 Nxc5 18. Ng5 Bg7 19. c4 h6 20. Bg4 f5 21. Bf3 hxg5 22. Bxb7 Qxb7 23. fxg5 Rac8 24. Nf3 Ne4 25. Qe2 Rc7 26. h4 Rfc8 27. Rc2 d5 28. Nd2 e5 29. Nxe4 fxe4 30. Rfc1 d4 31. Qg4 Rf7 32. c5 bxc5 33. Rxc5 Rxc5 34. Rxc5 Rxf2+ 35. Kg1 Qf7 36. Rc8+ Kh7 37. Qd1 Qa2 38. h5 Rg2+ 39. Kh1 Rh2+ 0-1

[Event "Mittelfranken-ch QT"]
[Site "Mittelfranken"]
[Date "2014.04.16"]
[Round "2.4"]
[White "Schoene, Steffen"]
[Black "Werner, Thomas"]
[Result "1-0"]
[WhiteElo "1694"]
[BlackElo "2008"]
[PlyCount "65"]
[EventDate "2014.04.16"]
[EventType "swiss"]
[EventRounds "7"]
[EventCountry "GER"]
[SourceTitle "EXT 2022"]
[Source "ChessBase"]
[SourceDate "2021.10.06"]
[SourceVersion "1"]
[SourceVersionDate "2021.10.06"]
[SourceQuality "1"]

1. d4 c6 2. c4 d5 3. cxd5 cxd5 4. Nf3 Nc6 5. Nc3 Nf6 6. Bf4 a6 7. Rc1 e6 8. e3 Bd6 9. Bg3 0-0 10. Bd3 Qe7 11. Ne5 Nd7 12. f4 Nb4 13. Bb1 f6 14. Nf3 Rd8 15. a3 Nc6 16. 0-0 Nf8 17. Bh4 Bd7 18. Ne5 Be8 19. f5 Nxe5 20. dxe5 Bxe5 21. fxe6 d4 22. Ne4 dxe3 23. Qg4 Qxe6 24. Ba2 Qxa2 25. Bxf6 Bxf6 26. Nxf6+ Kh8 27. Rc7 Bg6 28. Nh5 Qe6 29. Rxf8+ Rxf8 30. Qxe6 Bxh5 31. Qe5 Bf7 32. Qxe3 Rae8 33. Rxf7 1-0

[Event "Nuremberg Zabo op 15th"]
[Site "Nuremberg"]
[Date "2013.09.21"]
[Round "3"]
[White "Faralisz, Patrick"]
[Black "Schoene, Steffen"]
[Result "0-1"]
[WhiteElo "1136"]
[BlackElo "1685"]
[PlyCount "118"]
[EventDate "2013.09.20"]
[EventType "swiss"]
[EventRounds "5"]
[EventCountry "GER"]
[SourceTitle "EXT 2016"]
[Source "ChessBase"]
[SourceDate "2015.10.08"]
[SourceVersion "1"]
[SourceVersionDate "2015.10.08"]
[SourceQuality "1"]

1. d4 Nf6 2. c4 d5 3. g3 Nc6 4. Nf3 Bf5 5. Bg2 e6 6. 0-0 Be7 7. Qa4 0-0 8. Nc3 h6 9. Bf4 a6 10. Rac1 Bd6 11. Be5 Bxe5 12. dxe5 Nd7 13. cxd5 Nb6 14. Qb3 exd5 15. Rfd1 Be6 16. Nxd5 Bxd5 17. Qc2 Nb4 18. Qb1 Qe7 19. a3 Bxf3 20. Bxf3 Nc6 21. Bxc6 bxc6 22. Rxc6 Qxe5 23. Qd3 Qe7 24. Qc2 Rfd8 25. Rd3 Rac8 26. e3 Rxd3 27. Qxd3 Qd7 28. Qxd7 Nxd7 29. Rxa6 Nb6 30. b4 Ra8 31. Rxa8+ Nxa8 32. a4 c6 33. Kf1 Kf8 34. Ke2 Ke7 35. Kd3 Kd6 36. Kd4 Nb6 37. a5 Nd7 38. h4 c5+ 39. bxc5+ Nxc5 40. e4 Nb3+ 41. Kd3 Nxa5 42. f4 h5 43. Kc3 Kc5 44. Kd3 f6 45. Kc3 Nc4 46. Kd3 Nb6 47. Kc3 Nc8 48. Kd3 Nd6 49. f5 Nf7 50. Ke3 Ne5 51. Ke2 Kd4 52. Kd2 Kxe4 53. Ke2 Kxf5 54. Ke3 Kg4 55. Kf2 Nd3+ 56. Ke3 Kxg3 57. Kxd3 Kxh4 58. Kd2 Kg3 59. Kd3 h4 0-1

[Event "Nuremberg Zabo op 15th"]
[Site "Nuremberg"]
[Date "2013.09.20"]
[Round "1"]
[White "Langheinrich, Ferenc"]
[Black "Schoene, Steffen"]
[Result "1-0"]
[WhiteElo "2410"]
[BlackElo "1685"]
[PlyCount "59"]
[EventDate "2013.09.20"]
[EventType "swiss"]
[EventRounds "5"]
[EventCountry "GER"]
[SourceTitle "EXT 2016"]
[Source "ChessBase"]
[SourceDate "2015.10.08"]
[SourceVersion "1"]
[SourceVersionDate "2015.10.08"]
[SourceQuality "1"]

1. Nf3 Nf6 2. c4 d6 3. d4 g6 4. Nc3 Bg7 5. Bg5 0-0 6. e3 Nbd7 7. Be2 c6 8. 0-0 h6 9. Bh4 e5 10. h3 Re8 11. b4 g5 12. Bg3 exd4 13. Nxd4 Ne5 14. Qc2 Be6 15. Nxe6 Rxe6 16. Rad1 Qe7 17. Nd5 Nxd5 18. cxd5 cxd5 19. Rxd5 Nc6 20. Qd2 Be5 21. Bxe5 Nxe5 22. f4 Nc6 23. b5 Nd8 24. Bg4 Rxe3 25. fxg5 hxg5 26. Rff5 f6 27. Rxd6 Nf7 28. Rd7 Qe4 29. Rxf6 Ne5 30. Be6+ 1-0